000 00430nam a2200133Ia 4500
008 151001s9999||||xx |||||||||||||| ||und||
100 _aव्यासमनी त्रिपाठी
245 _aअंडमान का हिंदी साहित्य
250 _a1
260 _bसाहित्य अकादमी नई दिल्ली
260 _c२०१३
300 _a288
365 _b21
999 _c1002446
_d1002443